| 000 | 01007nam a22002655a 4500 | ||
|---|---|---|---|
| 003 | OSt | ||
| 005 | 20170502121308.0 | ||
| 008 | 170404s2016 ua frb 000 0 ara d | ||
| 015 | _a2016 / 14585 | ||
| 020 | _a9789770456980 | ||
| 040 |
_aEG-ScBUE _bara _cEG-ScBUE |
||
| 043 | _af-ua--- | ||
| 082 | 0 | 4 |
_a342.6202 _bش ي ح _222 |
| 100 | 1 | _aشيحا، إبراهيم عبد العزيز. | |
| 245 | 1 | 2 |
_aالنظم السياسية والقانون الدستوري : _bتحليل النظام الدستوري المصري / _cإبراهيم عبد العزيز شيحا. |
| 260 |
_aالأسكندرية، مصر : _bمنشأة المعارف، _c2016. |
||
| 300 |
_a700 ص. ؛ _c24 سم. |
||
| 490 | 0 | _aالكتب القانونية. | |
| 504 | _aيشتمل على إرجاعات ببليوجرافية. | ||
| 650 | 7 |
_aالقانون الدستوري _zمصر. _2BUEsh _941131 |
|
| 650 | 7 |
_aالنظم السياسية _zمصر. _2BUEsh |
|
| 651 | _2BUEsh | ||
| 653 |
_bLLAAWW _cMay2017 |
||
| 942 | _2ddc | ||
| 999 |
_c24761 _d24733 |
||